Operations Management /

Gespeichert in:
Bibliographische Detailangaben
Hauptverfasser: Slack, Nigel (Verfasst von), Brandon-Jones, Alistar (Verfasst von), Johnston, Robert (Verfasst von)
Format: Buch
Sprache:Englisch
Veröffentlicht: Harlow Pearson 2016
Ausgabe:8th ed.
Schlagworte:
Tags: Tag hinzufügen
Keine Tags, Fügen Sie das erste Tag hinzu!

MARC

LEADER 00000nam a22000003a 4500
001 0031064
003 SK-STU
005 20180208142827.7
007 ta
008 180208s ----xo-----e------000-0-----d
020 |a 978-1-292-09867-8 
040 |a STU  |b slo 
041 0 |a eng 
044 |a xxk 
100 1 |a Slack, Nigel  |4 aut 
245 1 0 |a Operations Management /  |c aut. Nigel Slack, Alistar Brandon-Jones, Robert Johnston 
250 |a 8th ed. 
260 |a Harlow  |b Pearson  |c 2016 
300 |a 728 s. 
650 0 7 |a manažment operatívny 
700 1 |a Brandon-Jones, Alistar  |4 aut 
700 1 |a Johnston, Robert  |4 aut 
996 |b 284M087638  |c M* 14119-1  |l MMKN  |s A  |a 24  |w 0031064_0001